1915 1058 1269 1104 1315 1610 1545 1412 1502 1837 1691 1322 1974 1480 1775 1698 1295 1171 1677 1004 1281 1720 1617 1663 1459 1975 1706 1497 1389 1603 1491 1854 1057 1349 1302 1726 1968 1409 1578 1704 1571 1186 1975 1957 1661 1528 1861 1937 1407 1651 1639 1292 1822 1191 1773 1437 1573 1620 1306 1912 1136 1117 1822 1914 1340 1938 1942 1586 1931 1164 1671 1046 1225 1791 1243 1498 1141 1375 1671 1191 1854 1990 1358 1559 1351 1992 1325 1265 1704 1080 1758 1326 1195 1862 1991 1876 1181 1640 1439 BCNSPRNW ULIB Ver.6.0+V

เปลี่ยนเป็นภาษาไทย

Change to English
 แสดงรายละเอียดบรรณานุกรม
  กลับหน้าหลัก

Brief Record : Get Marc (ISO 2709) : E-mail record : QR code < ปิดหน้าต่าง
LEADER : 00000nam 2200000uu 4500
001    13399108985
003     ULIB
008    110317s2552||||th 000 0 tha d
020    9789741110841
060  4 WA100^bซ112ส 2552
245 00 สุขภาพคนไทย 2552 :^bเพื่อสุขภาวะแห่งมวลมนุษย์หยุดความรุนแรง /^cชื่นฤทัย กาญจนะจิตรา ... [และคนอื่น ๆ]
250    พิมพ์ครั้งที่ 1
260    นครปฐม :^bสถาบันวิจัยประชากรและสังคม มหาวิทยาลัยมหิดล,^c2552
300    128 หน้า :^bภาพประกอบ ;^c29 ซม.
490 1  เอกสารทางวิชาการ / สถาบันวิจัยประชากรและสังคมมหาวิทยาลัยมหิดล ;^vหมายเลข 355
500    ชื่อเรื่องจากปก :
536    สนับสนุนโดย สำนักงานกองทุนสนับสนุนการสร้างเสริมสุขภาพ(สสส.) และ สำนักงานคณะกรรมการสุขภาพแห่งชาติ (สช.)
650  7 สุขภาพ
650  7 ระบบบริการสุขภาพ
650  7 สารนิเทศศาสตร์ทางการแพทย์
650  7 ไทย^xภาวะสังคม
650  7 ความรุนแรง
653    ดัชนีสุขภาพ
700 0  ชื่นฤทัย กาญจนะจิตรา
700 0  ชาย โพธิสิตา
700 0  กฤตยา อาชวนิชกุล
700 0  อุมาภรณ์ ภัทรวาณิชย์
700 0  กุลวีณ์ ศิริรัตน์มงคล
700 0  ปาณฉัตร เสียงดัง
700 0  สุภรต์ จรัสสิทธิ์
710 2  มหาวิทยาลัยมหิดล.^bสถาบันวิจัยประชากรและสังคม
710 2  สำนักงานกองทุนสนับสนุนการสร้างเสริมสุขภาพ (สสส.)
710 2  สำนักงานคณะกรรมการสุขภาพแห่งชาติ (สช.)
830  0 เอกสารทางวิชาการ (มหาวิทยาลัยมหิดล.สถาบันวิจัยประชากรและสังคม) ;^vหมายเลข 355
945    ^p0^l0^i027606
945    ^p0^l0^i031806
995    ทศพร
999 ^a ใช้งานได้ทุกระบบ
รายการนี้ยังไม่มีแท็ก
คุณยังไม่ได้ล็อกอิน คุณสามารถมีกิจกรรมร่วมกับเว็บไซต์ได้ แต่ต้องล็อกอินก่อน ::
  ล็อกอิน

รายการสื่อสารสนเทศ

ลำดับที่ ประเภท เลขเรียก/บาร์โค้ด สถานที่ สถานะ
- ไม่พบข้อมูล -

รายการใกล้เคียง
    หัวเรื่อง [สุขภาพ]
    หัวเรื่อง [ระบบบริการสุขภาพ]
    หัวเรื่อง [สารนิเทศศาสตร์ทางการแพทย์]
    หัวเรื่อง [ความรุนแรง]

BibComment


ยังไม่เคยถูกคอมเมนท์

คอมเมนท์ทรัพยากรรายการนี้
  คอมเมนท์: สุขภาพคนไทย 2552 ..


 Copyright 2026. Bcnsprnw @Library